Mahu mengenai sains tulen? berpuasalah!

Bibliographic Details
Main Author: Zian Farodis
Format: Book
Published: Selangor : AR- Risalah Product Sdn Bhd , 2014
Subjects:

MARC

LEADER 00000cam a2200000 7i4500
001 0000076976
005 20171210.0
008 171210
020 |a 9670268974 
020 |a 9789670268972 
041 0 |a Malay 
090 0 0 |a 297.265   |b ZIA 
100 0 |a Zian Farodis 
245 0 0 |a Mahu mengenai sains tulen? berpuasalah!   |c Zian Farodis 
260 |a Selangor :   |b AR- Risalah Product Sdn Bhd ,   |c 2014 
300 |a 184p. :   |b 20.3cm 
500 |a Dewasa 
541 0 0 |c Purchased on 2017 
650 0 |a Leadership   |x Religious aspects 
650 0 |a Public relations 
999 |a 0001492114   |b Book   |c Adult Collection   |e Perbadanan Perpustakaan Awam Johor 
999 |a 0001492115   |b Book   |c Adult Collection   |e Perbadanan Perpustakaan Awam Johor 
999 |a 0001492116   |b Book   |c Adult Collection   |e Cawangan AEON Kulaijaya 
999 |a 0001492117   |b Book   |c Adult Collection   |e Cawangan Urban Transformation Centre 
999 |a 0001493022   |b Book   |c Adult Collection   |e Cawangan Bandar Penawar 
999 |a 0001493023   |b Book   |c Adult Collection   |e Cawangan Kota Tinggi 
999 |a 0001493024   |b Book   |c Adult Collection   |e Cawangan Bukit Gambir 
999 |a 0001493025   |b Book   |c Adult Collection   |e Cawangan Segamat 
999 |a 0001493026   |b Book   |c Adult Collection   |e Cawangan Taman Sri Lambak 
999 |a 0001493027   |b Book   |c Adult Collection   |e Cawangan Tangkak 
999 |a 0001493028   |b Book   |c Adult Collection   |e Cawangan Mersing 
999 |a 0001493029   |b Book   |c Adult Collection   |e Cawangan Muar 
999 |a 0001493030   |b Book   |c Adult Collection   |e Cawangan Batu Pahat 
999 |a 0001493032   |b Book   |c Adult Collection   |e Cawangan Pontian 
999 |a 0001493033   |b Book   |c Adult Collection   |e Cawangan Tmn. Ungku Tun Aminah 
999 |a 0001493034   |b Book   |c Adult Collection   |e Cawangan Bandar Tenggara